000 00821nas a2200277 4500
001 BR9406017
003 BR-BrBNA
005 20231205093742.0
007 ta
008 230509b bl.|||p| |||| 00| 00por d
040 _aBR-BrBNA
_bpor
_cBiblioteca Nacional de Agricultura
041 _a(Pt)
072 _aF02
100 1 _aLemos Filho, J.P. de
100 1 _aPereira, J. da P.
100 1 _aMedrado, M.S.
100 1 _aCosta, J.D.
100 1 _aPinto, H.S.
245 1 _aMini-enxertia da seringueira (Hevea spp). 2. Problemas e avancos na tecnica
650 _aSeringueira
650 _aEnxerto
650 _aGarfagem
773 0 _tPesquisa Agropecuaria Brasileira (Brazil)
_xISSN 0100-204X
_g(May 1994), v. 29(5) p. 779-784
_wBR9406017
909 _a202311
_bLúcia
_c55
_dLúcia Elande
942 _2AGRIS
_n0
_cANA
999 _c140221
_d140221